000 00778nam a2200265Ia 4500
003 OSt
005 20220924115812.0
006 a|||||r|||| 00| 0
007 ta
008 220923b |||||||| |||| 00| 0 urd d
020 _a9789350737460 (hbk)
020 _c250
024 _a289490
037 _b4691, 09/03/2016, Kitabi Duniya
_cTextual
040 _aARTS
_cARTS
_burd
041 _2urd
_aurd
082 _aO168,1NMSx, Q6
100 _aShameem Mukhtar
_9179639
245 0 _aHijr ki subh hijr ki sham
260 _aDelhi
_bEducational Publishing House India
_c2016
300 _a256p.
_ccm.
650 _aURDU POETRY
942 _hO168,1NMSx, Q6
_cTEXL
_2CC
999 _c399947
_d399947